00417 a2200109 4500001001000000005001700010008004100027245005100068100001800119700001800137773015200155ART_3913920260410161934.0260409a 10aClaves para la planificación financiera PYME1 aPonzio, Diego1 aPadovan, Alex0 tBoletin del Consejo Profesional de Ciencias Económicas de la Provincia de Santa Fe (camara segunda)g- Año XXVII, Nº 326 (jun. 2016)wREV25058